Otvorená občianska spoločnosť a celoživotné učenie

Ucelená stratégia celoživotného vzdelávania v Európe je zhrnutá v Memorande celoživotného vzdelávania vypracovanom v roku 2000 Európskou komisiou - definovanie celoživotného vzdelávania, jeho východiská a ciele. Čo hovoria štatistické údaje o vzdelávaní a nezamestnanosti na Slovensku. Nové ciele Eur...

Full description

Saved in:
Bibliographic Details
Main Author: Zelina, Miron
Format: Book Chapter
Language:Slovak
Subjects:
Tags: Add Tag
No Tags, Be the first to tag this record!

MARC

LEADER 00000naa a2200000 4500
001 r045314
005 20230918124004.0
041 0 |a slo 
044 |a SK 
245 1 0 |a Otvorená občianska spoločnosť a celoživotné učenie  |c Miron Zelina 
520 |a Ucelená stratégia celoživotného vzdelávania v Európe je zhrnutá v Memorande celoživotného vzdelávania vypracovanom v roku 2000 Európskou komisiou - definovanie celoživotného vzdelávania, jeho východiská a ciele. Čo hovoria štatistické údaje o vzdelávaní a nezamestnanosti na Slovensku. Nové ciele Európskej únie vo vzdelávacej politike. 
610 2 0 |a vzdelávanie 
610 2 0 |a vzdelávanie ďalšie 
610 2 0 |a štatistika celoštátna 
610 2 0 |a vzdelanie 
610 2 0 |a vzdelanie odborné 
610 2 0 |a vzdelanie vysokoškolské 
610 2 0 |a Slovensko 
610 2 0 |a Európska únia 
100 1 |a Zelina, Miron